Organizacja rachunkowości w grupach kapitałowych / (Rekord nr 10395)
| 000 -ETYKIETA REKORDU | |
|---|---|
| podpole kontrolne o stałej długości | 00756naa a2200181 i 4500 |
| 001 - NUMER KONTROLNY REKORDU | |
| podpole kontrolne | 10395 |
| 003 - IDENTYFIKATOR NUMERU KONTROLNEGO REKORDU | |
| podpole kontrolne | KOSZ 005 |
| 005 - DATA OSTATNIEJ MODYFIKACJI REKORDU | |
| podpole kontrolne | 20180421094402.0 |
| 008 - POLE O STAŁEJ DŁUGOŚCI - DANE KONTROLNE | |
| podpole kontrolne o stałej długości | 180421s2011 pl f |000 | pol |
| 040 ## - ŹRÓDŁO KATALOGOWANIA | |
| Instytucja, która utworzyła rekord | KOSZ 005/HR |
| Instytucja, która dokonała modyfikacji | KOSZ 005/HR |
| 041 ## - KOD JĘZYKA | |
| Kod języka tekstu | pol |
| 080 ## - UNIWERSALNA KLASYFIKACJA DZIESIĘTNA - UKD | |
| UKD | 657 |
| 100 ## - NAZWA OSOBOWA | |
| Nazwa osobowa | POLAK, Katarzyna. |
| Lata pracy | 2004 - . |
| Instytucja | Politechnika Koszalińska - Wydział Ekonomii i Zarządzania, |
| Wydział | Katedra Rachunkowości i Finansów - Zakład Rachunkowości |
| 245 10 - TYTUŁ/ODPOWIEDZIALNOŚĆ | |
| Tytuł | Organizacja rachunkowości w grupach kapitałowych / |
| Pozostałe elementy strefy tytułu i oznaczenia odpowiedzialności | Katarzyna Polak. |
| 650 #0 - HASŁO PRZEDMIOTOWE W FORMIE NAZWY OGÓLNEJ LUB JEDNOSTKOWEJ | |
| Nazwa ogólna lub geograficzna | Finanse - sprawozdawczość. |
| 773 0# - TYTUŁ DOKUMENTU MACIERZYSTEGO | |
| Wyrażenie wprowadzające | W : |
| Tytuł | Organizacja rachunkowości / red. nauk. Kazimiera Winiarska. - |
| Adres wydawniczy | Warszawa : Państwowe Wydaw. Ekonomiczne, 2011. - |
| Informacje dotyczące relacji | s. 218-227 |
| ISBN | 9788320819649 |
| 942 ## - HASŁO DODATKOWE - ELEMENTY(KOHA) | |
| Typ dokumentu | Rozdział |
| Schemat klasyfikacji | Uniwersalna klasyfikacja dziesiętna |
Brak dostępnych egzemplarzy.
